[Event "DEN-ch sf6"]
[Site "Svendborg"]
[Date "2024.03.29"]
[Round "5"]
[White "Sejersen, Christian"]
[Black "Horslund, Mikael"]
[Result "1-0"]
[WhiteElo "1854"]
[BlackElo "1839"]
[PlyCount "59"]
[EventDate "2024.03.29"]
[EventType "swiss"]
[EventRounds "7"]
[EventCountry "DEN"]
[SourceTitle "CB16_2024"]
[SourceDate "2024.04.17"]
[SourceVersion "1"]
[SourceVersionDate "2024.04.17"]
[SourceQuality "1"]

1. Nf3 d6 2. d4 Nf6 3. g3 g6 4. b3 Bg7 5. Bg2 0-0 6. Bb2 Ne4 7. 0-0 c5 8. c4 Nc6 9. Qc2 Bf5 10. Nh4 Nb4 11. Qd1 e5 12. Nxf5 gxf5 13. dxc5 dxc5 14. Nc3 Nxc3 15. Bxc3 Nc6 16. Bxc6 bxc6 17. Qxd8 Rfxd8 18. Rad1 e4 19. Ba5 Rxd1 20. Rxd1 Bd4 21. e3 Be5 22. Rd7 Kf8 23. Kf1 Ke8 24. Rb7 h5 25. Bc7 Bxc7 26. Rxc7 a5 27. Rxc6 a4 28. Rxc5 axb3 29. axb3 Ra1+ 30. Kg2 1-0

[Event "DEN-ch sf6"]
[Site "Svendborg"]
[Date "2024.03.29"]
[Round "3"]
[White "Sejersen, Christian"]
[Black "Westh, Niels Buster Krog"]
[Result "1-0"]
[WhiteElo "1854"]
[BlackElo "1803"]
[PlyCount "67"]
[EventDate "2024.03.29"]
[EventType "swiss"]
[EventRounds "7"]
[EventCountry "DEN"]
[SourceTitle "CB16_2024"]
[SourceDate "2024.04.17"]
[SourceVersion "1"]
[SourceVersionDate "2024.04.17"]
[SourceQuality "1"]

1. Nf3 b6 2. g3 Bb7 3. c4 Nf6 4. Bg2 e6 5. 0-0 Be7 6. d4 0-0 7. Nc3 d5 8. Bf4 a6 9. Ne5 Nbd7 10. Qc2 Rc8 11. Rad1 Re8 12. e4 dxe4 13. Nxe4 Bxe4 14. Bxe4 Nxe4 15. Qxe4 Nf6 16. Qf3 Bf8 17. h4 Nd7 18. Bg5 Nf6 19. Rfe1 h6 20. Bc1 Qe7 21. Nc6 Qd7 22. b3 Bd6 23. g4 Nh7 24. g5 hxg5 25. hxg5 Nf8 26. Kg2 Ng6 27. Rh1 e5 28. d5 f6 29. gxf6 gxf6 30. Rdg1 e4 31. Qh5 Qg7 32. Kf1 Kf7 33. Qf5 Be5 34. Rxg6 1-0